Earth systems today : Living text
Spremljeno u:
| Glavni autor: | |
|---|---|
| Format: | Knjiga |
| Jezik: | Undetermined |
| Teme: | |
| Oznake: |
Dodaj oznaku
Bez oznaka, Budi prvi tko označuje ovaj zapis!
|
| Thư viện lưu trữ: | Trung tâm Học liệu Trường Đại học Cần Thơ |
|---|
| LEADER | 00420nam a2200157Ia 4500 | ||
|---|---|---|---|
| 001 | CTU_79790 | ||
| 008 | 210402s9999 xx 000 0 und d | ||
| 082 | |a 550 | ||
| 082 | |b G115 | ||
| 100 | |a Gabler, Robert E. | ||
| 245 | 0 | |a Earth systems today : | |
| 245 | 0 | |b Living text | |
| 245 | 0 | |c Robert E. Gabler | |
| 650 | |a Earth sciences | ||
| 904 | |i Mai Loan,Hải | ||
| 980 | |a Trung tâm Học liệu Trường Đại học Cần Thơ | ||